| 000 | 01074nam a22002657a 4500 | ||
|---|---|---|---|
| 999 |
_c6474 _d6474 |
||
| 005 | 20200210163007.0 | ||
| 008 | 200210s2011 ck a||||r|||| 00| 1 spa d | ||
| 020 | _a9789584536631 | ||
| 040 |
_aCO-JMCR _cCO-JMCR |
||
| 041 | 1 |
_aspa _heng |
|
| 082 |
_aC / _bLOEs |
||
| 100 | 1 |
_aLoeber Suárez, Andrea, _eautor _9366 |
|
| 245 | 1 |
_aSimba crece / _cAndrea Loeber Suárez |
|
| 260 |
_aBogotá ; Barcelona : _bNorma, _c2011 |
||
| 300 |
_a24 páginas : _bilustraciones a color ; _c22 cm. |
||
| 440 |
_aLeyendo con Disney. Educativos _9367 |
||
| 500 | _aTítulo en inglés : Simba Grows Up. | ||
| 500 | _aMaterial en Español e Inglés. | ||
| 520 | _aSiendo cachorro, Simba deja su tierra natal cuando su malvado tío toma el control como rey. Años después, Simba se encuentra con una vieja amiga, juntos regresan a casa para reclamar el derecho de Simba de ser rey. | ||
| 521 |
_aMás de 5. _bTomado de tapa frontal. |
||
| 546 | 1 |
_aTraducido de inglés _beng |
|
| 650 | 1 | 4 | _9368 |
| 650 | 1 | 4 | _9369 |